000 01570nam a2200205 4500
008 180524s2001 a |||gr|||| 000 f spa d
020 _a9500422026
041 _aspa
092 _c808
_l25
_sFIT
100 1 _aFitch, Janet
_93943
245 _aVeneno sutil /
_cJanet Fitch
250 _a1a ed.
_bTraducción César Aira.
260 _aBuenos Aires:
_bEmecé;
_c2001.
300 _a384 p.
_b23x15cm
500 _aFitch, J. (2001). Veneno sutil. (1a ed.). Buenos Aires : Emecé.
505 _aAstrid es la hija única de una madre soltera, Ingrid, poeta brillante y obsesiva qeu utiliza su belleza para intimidar y manipular a los hombres. Astrid la adora y disfruta enormemente de su mundo privado, lleno de rituales y de misterio. Pero el idilio entre madre e hija termina abruptamente cuando Ingrid se enamora... Astrid desfilará por una serie de hogares adoptivos, intentando encontrar su propio camino en circunstancias imposibles. Sólo la determinación y el humor le permitirán enfrentar el desafío de la soledad y la pobreza, como una hija sin madre en este mundo indiferente. Dura, divertida y cálida, Astrid es una heroína a la vez increíble y consistente. Veneno sutil es una historia inolvidable acerca del poder curativo del arte y de la fuerza imparable del yo emergente. Escrito con exquisita gracia, este libro es el debut impresionante de una autora destinada a unirse al selecto grupo de las mejores novelistas actuales.
590 _a Proyecto 4to LIBRO, donación Victoria Lara, mayo 2018.
655 _aLiteratura
_92917
942 _2ddc
_cLIT
999 _c2786
_d2786